Language Quiz

Random Language or Numbers Quiz

German: Numbers Quiz Stats

 Plays Quiz Updated Mar 8, 2019

Score 0/28 Timer 05:00
6 Plays Today
English German % Correct
Threedrei
96.6%
Twozwei
94.6%
Fivefünf
92.9%
Oneeins
91.9%
Eightacht
89.3%
Fourvier
88.6%
Sevensieben
88.3%
Sixsechs
88.2%
Nineneun
87.9%
Tenzehn
84.5%
Elevenelf
83.8%
Twelvezwölf
80.6%
Thirteendreizehn
79.9%
Fifteenfünfzehn
79.5%
English German % Correct
Fourteenvierzehn
78.4%
Eighteenachtzehn
77.3%
Nineteenneunzehn
77.1%
Sixteensechzehn
76.7%
Seventeensiebzehn
75.2%
Twentyzwanzig
73.1%
Fiftyfünfzig
71.4%
Fortyvierzig
70.6%
Eightyachtzig
70%
Ninetyneunzig
70%
Sixtysechzig
69.6%
Seventysiebzig
68.3%
One hundredhundert
65.1%
Thirtydreißig
55.9%

You're not logged in!

Compare scores with friends on all Sporcle quizzes.
OR
Log In

Sporcle TV

Today on Sporcle TV


Watch our educational content, quiz creation guides, and fun videos on Sporcle TV.

Show Comments

Extras

Top Quizzes Today


Score Distribution

Your Account Isn't Verified!

In order to create a playlist on Sporcle, you need to verify the email address you used during registration. Go to your Sporcle Settings to finish the process.

Report this User

Report this user for behavior that violates our Community Guidelines.

Details: